000
00225nam a2200121Ia 4500
100
_a
#N/A
650
_a
Mangement
942
_c
BK
654
_a
time
245
_a
Time Management
260
_b
#N/A
_c
2008
546
_a
ENGLISH
999
_c
33005
_d
33005